| 000 | 00442nam a2200157Ia 4500 | ||
|---|---|---|---|
| 008 | 210210b1997 xxu||||| |||| 00| 0 eng d | ||
| 082 | _a591.02 SHAK | ||
| 100 | _aSHARMA (S K). | ||
| 245 | _aKrishna's objective question bank in zoology. Ed.6 | ||
| 250 | _a | ||
| 260 |
_aMeerut _bKrishna Prakashana Media (P) Ltd. _c1997 |
||
| 300 | _axxiv,4.304,36,4 | ||
| 650 | _aKrishna's question bank zoology | ||
| 690 | _aZoology | ||
| 906 | _a054967 | ||
| 999 |
_c103027 _d103027 |
||